[Event "SRB-chT2 West"]
[Site "Arandjelovac"]
[Date "2018.10.07"]
[Round "11.2"]
[White "Ackovic, Nemanja"]
[Black "Lojovic, Matija"]
[Result "0-1"]
[WhiteElo "1706"]
[BlackElo "2129"]
[PlyCount "83"]
[EventDate "2018.09.07"]
[EventType "team-tourn"]
[EventRounds "11"]
[EventCountry "SRB"]
[SourceTitle "EXT 2021"]
[Source "ChessBase"]
[SourceDate "2020.10.23"]
[SourceVersion "1"]
[SourceVersionDate "2020.10.23"]
[SourceQuality "1"]
[WhiteTeam "Krusevac"]
[BlackTeam "Arandjelovac"]
[WhiteTeamCountry "SRB"]
[BlackTeamCountry "SRB"]

1. e4 d5 2. exd5 Nf6 3. d4 Nxd5 4. Nf3 g6 5. c3 Bg7 6. Bc4 0-0 7. 0-0 Nc6 8. Re1 h6 9. Nbd2 g5 10. Nf1 Bf5 11. Ne3 Nxe3 12. Bxe3 e6 13. d5 Na5 14. dxe6 Qxd1 15. exf7+ Kh8 16. Raxd1 Nxc4 17. Bd4 Rxf7 18. b3 Nb2 19. Rd2 Nd3 20. Re3 Nf4 21. h4 Bg4 22. Ne5 Bxe5 23. Rxe5 Kh7 24. hxg5 Ng6 25. Rb5 b6 26. gxh6 c5 27. Bxc5 Bd7 28. Rb4 bxc5 29. Rb7 Ne5 30. Rd5 Re8 31. Rxa7 Ng4 32. Rd1 Ree7 33. f3 Ne3 34. Re1 Nxg2 35. Rxe7 Rxe7 36. Kxg2 Bh3+ 37. Kxh3 Rxa7 38. Kg4 Kxh6 39. Kf5 Rxa2 40. Ke5 Rd2 41. Ke4 Kg6 42. f4 0-1

[Event "SRB-chT2 West"]
[Site "Arandjelovac"]
[Date "2018.10.06"]
[Round "9.4"]
[White "Ackovic, Nemanja"]
[Black "Lazovic, Luka"]
[Result "0-1"]
[WhiteElo "1706"]
[BlackElo "1754"]
[PlyCount "52"]
[EventDate "2018.09.07"]
[EventType "team-tourn"]
[EventRounds "11"]
[EventCountry "SRB"]
[SourceTitle "EXT 2021"]
[Source "ChessBase"]
[SourceDate "2020.10.23"]
[SourceVersion "1"]
[SourceVersionDate "2020.10.23"]
[SourceQuality "1"]
[WhiteTeam "Krusevac"]
[BlackTeam "Bajina Basta"]
[WhiteTeamCountry "SRB"]
[BlackTeamCountry "SRB"]

1. e4 c6 2. Nf3 d5 3. Nc3 dxe4 4. Nxe4 Nf6 5. Ng3 e6 6. d4 c5 7. Bg5 Nc6 8. Bb5 Qa5+ 9. Qd2 Qxb5 10. 0-0-0 cxd4 11. Nxd4 Nxd4 12. Bxf6 gxf6 13. Qxd4 Be7 14. Rhe1 e5 15. Qe4 Be6 16. Nh5 Qc6 17. Qe3 Bg4 18. Ng7+ Kf8 19. Qh6 Kg8 20. Rd3 f5 21. Nxf5 Bxf5 22. Rg3+ Bg6 23. Re2 Qc4 24. Rxg6+ hxg6 25. Qe3 Bf6 26. b3 Qf4 0-1

[Event "SRB-chT2 West"]
[Site "Arandjelovac"]
[Date "2018.10.06"]
[Round "10.3"]
[White "Gajic, Aleksandar"]
[Black "Ackovic, Nemanja"]
[Result "1-0"]
[WhiteElo "1865"]
[BlackElo "1706"]
[PlyCount "107"]
[EventDate "2018.09.07"]
[EventType "team-tourn"]
[EventRounds "11"]
[EventCountry "SRB"]
[SourceTitle "EXT 2021"]
[Source "ChessBase"]
[SourceDate "2020.10.23"]
[SourceVersion "1"]
[SourceVersionDate "2020.10.23"]
[SourceQuality "1"]
[WhiteTeam "Loznica Grad"]
[BlackTeam "Krusevac"]
[WhiteTeamCountry "SRB"]
[BlackTeamCountry "SRB"]

1. c4 Nf6 2. Nc3 e6 3. e4 d6 4. g3 Be7 5. Bg2 Nbd7 6. Nge2 c5 7. 0-0 Ne5 8. d3 a6 9. f4 Nc6 10. h3 g6 11. a3 Rb8 12. Rb1 a5 13. Be3 e5 14. f5 Nd4 15. g4 h6 16. fxg6 fxg6 17. b4 axb4 18. axb4 cxb4 19. Bxd4 bxc3 20. Bxc3 0-0 21. Qd2 Kh7 22. d4 Qc7 23. Qd3 Bd7 24. Rbd1 Be6 25. d5 Bd7 26. Bd2 Ng8 27. Be3 b6 28. Rc1 Rxf1+ 29. Rxf1 Kg7 30. Qc3 Bd8 31. Bd2 Qc5+ 32. Kh2 b5 33. Qf3 Bf6 34. cxb5 Bxb5 35. Rc1 Qb6 36. Nc3 Be8 37. Qd3 Qa7 38. Be3 Qe7 39. Ra1 Rb7 40. Ra6 Qc7 41. Bf1 Be7 42. Ra3 Rb2+ 43. Kg1 Bd8 44. Ra7 Rb7 45. Rxb7 Qxb7 46. Qa6 Qc7 47. Nb5 Bxb5 48. Qxb5 Nf6 49. Bd3 g5 50. Kf2 Qf7 51. Ke2 Qc7 52. Qc6 Qf7 53. Kd2 Qe7 54. Qb5 1-0